书目信息 |
| 题名: |
元末明初大变局
|
|
| 作者: | 姜越 编著 | |
| 分册: | ||
| 出版信息: | 沈阳 辽宁人民出版社 2018 |
|
| 页数: | 238页 | |
| 开本: | 24cm | |
| 丛书名: | ||
| 单 册: | ||
| 中图分类: | K247.09 | |
| 科图分类: | ||
| 主题词: | 古代史--中国--元代--通俗读物 | |
| 电子资源: | ||
| ISBN: | 978-7-205-09190-3 | |
| 000 | 00906nam0 2200241 450 | |
| 001 | 012001000523 | |
| 005 | 20140920091301.0 | |
| 010 | @a978-7-205-09190-3@dCNY43.80 | |
| 100 | @a20180412d2018 em y0chiy50 ea | |
| 101 | 0 | @achi |
| 102 | @aCN@b210100 | |
| 105 | @aa z 000yy | |
| 106 | @ar | |
| 200 | 1 | @a元末明初大变局@9Yuan Mo Ming Chu Da Bian Ju@f姜越编著 |
| 210 | @a沈阳@c辽宁人民出版社@d2018 | |
| 215 | @a238页@c图@d24cm | |
| 300 | @a王朝拐点系列 | |
| 330 | @a本书是一部普及性历史类社科书。本书告知读者关于元末之时,统治阶层的混乱以及天灾人祸双方面对百姓的折磨;关于朱元璋,起初是天灾人祸逼得他不得不反,到后来逐渐显露出他的帝王之气;关于建国之路,自然是艰辛之极,终于扫清前路的障碍,建国称帝,让历史登上了一个新的舞台。 | |
| 606 | 0 | @a古代史@y中国@z元代@j通俗读物 |
| 690 | @aK247.09@v5 | |
| 701 | 0 | @a姜越@9Jiang Yue@4编著 |
| 801 | 0 | @aCN@b上海新华@c20180901 |
| 905 | @b1150717-21@dK247.09@e35@f5 | |
| 元末明初大变局/姜越编著.-沈阳:辽宁人民出版社,2018 |
| 238页:图;24cm |
| 王朝拐点系列 |
| ISBN 978-7-205-09190-3:CNY43.80 |
| 本书是一部普及性历史类社科书。本书告知读者关于元末之时,统治阶层的混乱以及天灾人祸双方面对百姓的折磨;关于朱元璋,起初是天灾人祸逼得他不得不反,到后来逐渐显露出他的帝王之气;关于建国之路,自然是艰辛之极,终于扫清前路的障碍,建国称帝,让历史登上了一个新的舞台。 |
| ● |
| 相关链接 |
|
|
|
|
正题名:元末明初大变局
索取号:K247.09/35
 
预约/预借
| 序号 | 登录号 | 条形码 | 馆藏地/架位号 | 状态 | 备注 |
| 1 | 1150717 | 211507172 | 第二样本阅览室/ [索取号:K247.09/35] | 在馆 | |
| 2 | 1150718 | 211507181 | 密集书库-史法系/ [索取号:K247.09/35] | 在馆 | |
| 3 | 1150719 | 211507190 | 第二借阅区/ [索取号:K247.09/35] | 在馆 | |
| 4 | 1150720 | 211507207 | 第二借阅区/ [索取号:K247.09/35] | 在馆 | |
| 5 | 1150721 | 211507216 | 第二借阅区/ [索取号:K247.09/35] | 在馆 |